LEADER 00918nam0-22002891i-450- 001 990003173560403321 035 $a000317356 035 $aFED01000317356 035 $a(Aleph)000317356FED01 035 $a000317356 100 $a20000920d--------km-y0itay50------ba 101 0 $aita 102 $aIT 200 1 $a<>questione del lavoro non pagato nella produzione di servizi nel nucleo domestico$e(Household)$fdi Antonella Picchio 225 1 $aMateriali di discussione$fDipartimento di economia politica. Università di Modena$v271 610 0 $aDonne e lavoro 676 $aG/2.11 676 $aG/2.242 702 1$aPicchio,$bAntonella 801 0$aIT$bUNINA$gRICA$2UNIMARC 901 $aBK 912 $a990003173560403321 952 $aPaper$fSES 959 $aSES 996 $aQuestione del lavoro non pagato nella produzione di servizi nel nucleo domestico$9458071 997 $aUNINA DB $aING01 LEADER 00930nam0-22003011i-450- 001 990003060630403321 035 $a000306063 035 $aFED01000306063 035 $a(Aleph)000306063FED01 035 $a000306063 100 $a20000920d1967----km-y0itay50------ba 101 0 $aeng 102 $aIT 200 1 $a<>Economic Problems of Housing$eProceedings of a Conference held by the International Economic Association$fedited by Adela Adam Nevitt$gwith an Introduction by S.J. Maisel. 210 $aLondon$cMacmillan$d1967. 215 $aXXVI, 329 p.$d23 cm 610 0 $aAbitazioni 676 $aL/2.32 702 1$aNevitt,$bAdela A. 712 2$aInternational Economic Association 801 0$aIT$bUNINA$gRICA$2UNIMARC 901 $aBK 912 $a990003060630403321 952 $aA/3 IEA/67$b1619/I$fSES 959 $aSES 996 $aECONOMIC problems of housing$9315051 997 $aUNINA DB $aING01